Sports Quiz

Random Sports or College Quiz
Score 0/20 Timer 07:00
0 Plays Today
Hint Answer % Correct
StateKansas
98.5%
NicknameJayhawks
94.4%
Team ColorCrimson
91.7%
ConferenceBig 12
89.8%
Team ColorBlue
83%
Primary RivalKansas State
79.5%
No. of Women's Varsity Sports10
78.1%
No. of Men's Varsity Sports6
75.5%
CityLawrence
66.1%
Basketball ArenaAllen Fieldhouse
58.3%
Hint Answer % Correct
Primary RivalMissouri
58.1%
Famous Alum: C Wilt _____Chamberlain
54.7%
Sport w/ most NCAA ChampionshipsMen's Track & Field (6)
25.7%
Football StadiumMemorial Stadium
23.1%
MascotBig Jay
22.1%
MascotBaby Jay
19.5%
Athletic DirectorJeff Long
14.5%
Fight SongI'm a Jayhawk
12.3%
Famous Alum: SG _____ WoodardLynette
11.7%
Baseball StadiumHoglund Ballpark
9.7%
Remove Ads.
Support Sporcle.
Get the best of Sporcle when you Go Orange. This ad-free experience offers more features, more stats, and more fun while also helping to support Sporcle. Thank you for becoming a member.

You're not logged in!

Compare scores with friends on all Sporcle quizzes.
OR
Log In

Show Comments

Extras

Top Quizzes Today


Score Distribution

Your Account Isn't Verified!

In order to create a playlist on Sporcle, you need to verify the email address you used during registration. Go to your Sporcle Settings to finish the process.

Report this User

Report this user for behavior that violates our Community Guidelines.

Details: